000 00703nam a2200289Ia 4500
005 20260324120955.0
008 008 260324s9999 xx 000 0 eng d
020 _a9781315097039
037 _aEBOOK
040 _aCRL
040 _beng
040 _cCRL
041 _2eng
041 _aeng
084 _qCRL
100 _aAnne Hultzsch
_91160692
245 0 _aArchitecture, Travellers and Writers
245 0 _bConstructing Histories of Perception 1640-1950
260 _bTaylor and Francis
260 _c2014
365 _a
365 _b89.99
856 _uhttp://www.taylorfrancis.com/books/9781315097039
942 _cEBOOK
999 _c1752516
_d1752516